000 01144 a2200193 4500
003 NUST
005 20221230141947.0
010 _a 88012795
020 _a0070370303
040 _cNust
082 0 0 _a621.38456,LEE
100 1 _aLee, William C. Y.
_957170
245 1 0 _aMobile cellular telecommunications systems /
_cWilliam C.Y. Lee.
260 _aNew York :
_bMcGraw-Hill,
_cc1989.
300 _axi, 449 p. :
_bill. ;
_c24 cm.
505 _a Introduction to Cellular Mobile Systems (Page-1), Elements of Cellular Radio System Design (Page-47), Specifications (Page-67), Cell Coverage for Signal and Traffic (Page-97), Cell Site Antennas and Mobile Antenna (Page-147), Cochannel Interference Reduction (Page-179), Types of Noncochannel Interference (Page-211), Frequency Management and Channel Assignment (Page-245), Handoffs (Page-269), Operational Techniques and Technologies (Page-283), Switching and Traffic (Page-317), Data Links and Microwaves (Page-337), System Evaluations (Page-355), Digital Systems (Page-401), Cellular Related Topics (Page-435).
650 0 _aCell phone systems.
_9105639
942 _2ddc
_cBK
_k621.38456,LEE
999 _c194258
_d194258